| Tag |
First Indicator |
Second Indicator |
Subfields |
| LEADER |
00000cam a2200000Ia 4500 |
| 001 |
in00002786400 |
| 005 |
20151202171628.0 |
| 008 |
120428s2012 enk b 001 0 eng d |
| 019 |
|
|
|a 794361535
|
| 020 |
|
|
|a 9781853397356
|
| 020 |
|
|
|a 1853397350
|
| 020 |
|
|
|a 9781853397257
|
| 020 |
|
|
|a 1853397253
|
| 029 |
1 |
|
|a AU@
|b 000049569702
|
| 029 |
1 |
|
|a AU@
|b 000049904770
|
| 029 |
1 |
|
|a NZ1
|b 14336135
|
| 035 |
|
|
|a (OCoLC)ocn792889408
|
| 035 |
|
|
|a (OCoLC)792889408
|
| 040 |
|
|
|a BTCTA
|b eng
|c BTCTA
|d BWK
|d YNK
|d YDXCP
|d UBY
|d OCLCO
|d PIT
|d N15
|d BWX
|d AGL
|d IUL
|d UtOrBLW
|
| 049 |
|
|
|a TXAM
|
| 050 |
|
4 |
|a QC903.2.D44
|b C55 2012
|
| 070 |
0 |
|
|a QC903.2.D44
|b C55 2012
|
| 245 |
0 |
0 |
|a Climate change and threatened communities :
|b vulnerability, capacity, and action /
|c edited by A. Peter Castro, Dan Taylor, and David W. Brokensha.
|
| 264 |
|
1 |
|a Rugby, Warwickshire :
|b Practical Action Publishing,
|c [2012]
|
| 264 |
|
4 |
|c ©2012
|
| 300 |
|
|
|a vi, 216 pages ;
|c 24 cm.
|
| 336 |
|
|
|a text
|b txt
|2 rdacontent
|
| 337 |
|
|
|a unmediated
|b n
|2 rdamedia
|
| 338 |
|
|
|a volume
|b nc
|2 rdacarrier
|
| 504 |
|
|
|a Includes bibliographical references and index.
|
| 650 |
|
0 |
|a Climatic changes
|z Developing countries.
|
| 650 |
|
0 |
|a Human beings
|x Effect of climate on.
|
| 650 |
|
0 |
|a Climatic changes.
|
| 650 |
|
0 |
|a Climatic changes
|x Economic aspects.
|
| 650 |
|
0 |
|a Climatic changes
|x Social aspects.
|
| 700 |
1 |
|
|a Castro, Alfonso Peter.
|
| 700 |
1 |
|
|a Taylor, Dan.
|
| 700 |
1 |
|
|a Brokensha, David.
|
| 938 |
|
|
|a Baker and Taylor
|b BTCP
|n BK0011153391
|
| 938 |
|
|
|a YBP Library Services UK
|b YBPK
|n 7466049
|
| 938 |
|
|
|a Blackwell Book Service UK
|b BBUK
|n 7497100
|
| 938 |
|
|
|a YBP Library Services
|b YANK
|n 7497100
|
| 938 |
|
|
|a Blackwell Book Service
|b BBUS
|n 7497100
|
| 947 |
|
|
|a A14836012668
|
| 945 |
|
|
|a PromptCat
|b 115742
|
| 946 |
|
|
|a stk
|
| 994 |
|
|
|a 92
|b TXA
|
| 948 |
|
|
|a Cataloged
|b h
|c 2012/12/5
|d c
|e EGrant
|
| 999 |
|
|
|a MARS
|
| 999 |
f |
f |
|s 4d3f8ead-bca7-3e67-967f-04c16e99d410
|i 06fb55b9-3210-3616-aa08-b5d71a5e9ebc
|t 0
|
| 952 |
f |
f |
|p normal
|a Texas A&M University
|b College Station
|c Sterling C. Evans Library
|d Evans: Library Stacks
|t 0
|e QC903.2.D44 C55 2012
|h Library of Congress classification
|i unmediated -- volume
|m A14836012668
|
| 998 |
f |
f |
|a QC903.2.D44 C55 2012
|t 0
|l Evans: Library Stacks
|